| 000 | 01141 a2200241 4500 | ||
|---|---|---|---|
| 003 | Nust | ||
| 005 | 20230901092702.0 | ||
| 010 | _a 2005049937 | ||
| 020 | _c0387254811 (alk. paper) | ||
| 020 | _c0387270973 (e-book) | ||
| 040 | _cNust | ||
| 082 | 0 | 0 | _a621.382,ALE |
| 100 | 1 |
_aAlencar, Marcelo S., _997101 |
|
| 245 | 1 | 0 |
_aCommunication systems / _cMarcelo S. Alencar, Valdemar C. da Rocha, Jr. |
| 260 |
_aNew York : _bSpringer, _cc2005. |
||
| 300 |
_axii, 416 p. : _bill. ; _c24 cm. |
||
| 505 | _aSignal Analysis (Page-1), Probability theory and Random Processes (Page-41), Speech Coding (Page-99), Amplitude Modulation (Page-141), Quadrature Amplitude Modulation (Page-171), Angle Modulation (Page-197), Propagation Channels (Page-225), Aarrier Transmission (Page-257), Mobile Ceellular Telephony (Page-279), | ||
| 650 | 0 | _aTelecommunication Engineering. | |
| 700 | 1 |
_aRocha, Valdemar C. da, _d1947- _997102 |
|
| 856 | 4 | 2 |
_3Publisher description _uhttp://www.loc.gov/catdir/enhancements/fy0663/2005049937-d.html |
| 856 | 4 | 2 |
_3Table of contents only _uhttp://www.loc.gov/catdir/enhancements/fy0823/2005049937-t.html |
| 942 |
_cREF _2ddc |
||
| 999 |
_c175871 _d175871 |
||